Optimisez vos ventes : le merchandising lemoniteur des pharmacies et des laboratoires
Salvato in:
| Autore principale: | |
|---|---|
| Altri autori: | |
| Natura: | Libro |
| Lingua: | francese |
| Pubblicazione: |
Paris
Groupe Liaisons SA
2006
|
| Edizione: | 3e éd. |
| Serie: | Les essentiels du pharmacien
|
| Soggetti: | |
| Tags: |
Nessun Tag, puoi essere il primo ad aggiungerne!!
|
MARC
| LEADER | 00000nam a2200000 4500 | ||
|---|---|---|---|
| 001 | 0125132 | ||
| 005 | 20240404080558.5 | ||
| 020 | |a 2-915585-28-8 | ||
| 041 | 0 | |a fre | |
| 044 | |a FR | ||
| 245 | 1 | 0 | |a Optimisez vos ventes : le merchandising |b lemoniteur des pharmacies et des laboratoires |c Joëlle Hermouet, Fanny Jakubowicz |
| 250 | |a 3e éd. | ||
| 264 | 1 | |a Paris |b Groupe Liaisons SA |c 2006 | |
| 300 | |a 126 s. | ||
| 490 | 1 | |a Les essentiels du pharmacien | |
| 830 | 0 | |a Les essentiels du pharmacien | |
| 610 | 2 | 0 | |a merchandising |
| 610 | 2 | 0 | |a predaj |
| 610 | 2 | 0 | |a technika predaja |
| 610 | 2 | 0 | |a produkty |
| 610 | 2 | 0 | |a lekárnici |
| 610 | 2 | 0 | |a lekárnictvo |
| 100 | 1 | |a Hermouet, Joëlle | |
| 700 | 1 | |a Jakubowicz, Fanny | |